000
00198 a2200097 4500
001
9073
100
_a
Byron, G L
245
_a
Byron poetry and prose
260
_a
_b
Oxford
_c
090
_c
7252
_d
7252
942
_a
NUST-CAE
_c
M
_c
33881
999
_c
244146
_d
244146